Разработка этапов технологии при дуговой сварке плавлением: учебное пособие

Bibliographic Details
Main Author: Васильев В. И. Владимир Иванович
Corporate Authors: Томский политехнический университет (ТПУ), Юргинский технологический институт (филиал)
Other Authors: Ильященко Д. П. Дмитрий Павлович
Summary:В учебном пособии рассмотрены вопросы самостоятельного творческого решения инженерных технологических задач в этапы проектирования технологии сварки плавлением. Обобщены методики расчетов режимов ручной дуговой сварки, сварки в углекислом газе, под флюсом и электрошлаковой сварки. Предназначено для студентов вузов специальности 150202 " Оборудование и технология сварочного производства".
Language:Russian
Published: Томск, Изд-во ТПУ, 2008
Subjects:
Format: Book
KOHA link:https://koha.lib.tpu.ru/cgi-bin/koha/opac-detail.pl?biblionumber=146426

MARC

LEADER 00000nam0a2200000 4500
001 146426
005 20240207155437.0
035 |a (RuTPU)RU\TPU\book\158723 
090 |a 146426 
100 |a 20081029d2008 m y0rusy50 ca 
101 0 |a rus 
102 |a RU 
105 |a a j 001zy 
200 1 |a Разработка этапов технологии при дуговой сварке плавлением  |e учебное пособие  |f В. И. Васильев, Д. П. Ильященко  |g Томский политехнический университет (ТПУ) ; Юргинский технологический институт (филиал) 
210 |a Томск  |c Изд-во ТПУ  |d 2008 
215 |a 96 с.  |c ил. 
320 |a Список литературы: с. 93-94. 
330 |a В учебном пособии рассмотрены вопросы самостоятельного творческого решения инженерных технологических задач в этапы проектирования технологии сварки плавлением. Обобщены методики расчетов режимов ручной дуговой сварки, сварки в углекислом газе, под флюсом и электрошлаковой сварки. Предназначено для студентов вузов специальности 150202 " Оборудование и технология сварочного производства". 
606 1 |a Сварка плавлением  |2 stltpush  |3 (RuTPU)RU\TPU\subj\53939  |9 72103 
606 1 |a Электродуговая сварка  |2 stltpush  |3 (RuTPU)RU\TPU\subj\66887  |9 82882 
610 1 |a технология 
610 1 |a режимы 
610 1 |a расчет 
610 1 |a сварочное оборудование 
610 1 |a экономическое обоснование 
610 1 |a ручная дуговая сварка 
610 1 |a курсовые работы 
610 1 |a учебные пособия 
610 1 |a труды учёных ТПУ 
675 |a 621.791.65(075.8)  |v 3 
675 |a 621.791.75(075.8)  |v 3 
700 1 |a Васильев  |b В. И.  |c доцент  |c Юргинский технологический интститут (филиал) Томского политехнического университета  |g Владимир Иванович  |3 (RuTPU)RU\TPU\pers\25094  |9 11200 
701 1 |a Ильященко  |b Д. П.  |c специалист в области сварочного производства  |c доцент Юргинского технологического института (филиала) Томского политехнического университета, кандидат технических наук  |f 1980-  |g Дмитрий Павлович  |3 (RuTPU)RU\TPU\pers\25915  |9 11766 
712 0 2 |a Томский политехнический университет (ТПУ)  |c (1991- )  |3 (RuTPU)RU\TPU\col\376 
712 0 2 |a Юргинский технологический институт (филиал)  |3 (RuTPU)RU\TPU\col\5961 
801 1 |a RU  |b 63413507  |c 20081029  |g PSBO 
801 2 |a RU  |b 63413507  |c 20131125  |g PSBO 
942 |c BK